<?xml version="1.0" encoding="UTF-8"?>
<record
    xmlns:xsi="http://www.w3.org/2001/XMLSchema-instance"
    xsi:schemaLocation="http://www.loc.gov/MARC21/slim http://www.loc.gov/standards/marcxml/schema/MARC21slim.xsd"
    xmlns="http://www.loc.gov/MARC21/slim">

  <leader>01648nasaa22002051ia4500</leader>
  <controlfield tag="005">20250210135448.0</controlfield>
  <controlfield tag="008">250210b2015    dr ar|gdspspao00| z0spa d</controlfield>
  <datafield tag="020" ind1=" " ind2=" ">
    <subfield code="q">2307-2393</subfield>
  </datafield>
  <datafield tag="040" ind1=" " ind2=" ">
    <subfield code="a">CGID0021</subfield>
    <subfield code="c">CGID0021</subfield>
    <subfield code="e">rda</subfield>
  </datafield>
  <datafield tag="082" ind1="0" ind2="4">
    <subfield code="a">IDEICE RD 371.1 C749m 2014</subfield>
    <subfield code="2">21</subfield>
  </datafield>
  <datafield tag="110" ind1=" " ind2=" ">
    <subfield code="a"> Instituto Dominicano de Evaluaci&#xF3;n e Investigaci&#xF3;n de la Calidad Educativa, IDEICE</subfield>
  </datafield>
  <datafield tag="245" ind1=" " ind2=" ">
    <subfield code="a">Memoria 5to. Congreso Internacional IDEICE 2014</subfield>
    <subfield code="b">Profesi&#xF3;n Docente una Decisi&#xF3;n Social</subfield>
  </datafield>
  <datafield tag="260" ind1=" " ind2=" ">
    <subfield code="a">Santo Domingo : </subfield>
    <subfield code="b"> Instituto Dominicano de Evaluaci&#xF3;n e Investigaci&#xF3;n de la Calidad Educativa</subfield>
    <subfield code="c">2015</subfield>
  </datafield>
  <datafield tag="300" ind1=" " ind2=" ">
    <subfield code="a">253p.</subfield>
  </datafield>
  <datafield tag="505" ind1=" " ind2=" ">
    <subfield code="a">Uno de los prop&#xF3;sitos del IDEICE, es organizar cada a&#xF1;o su Congreso Internacional, el cual re&#xFA;ne personal de las diferentes &#xE1;reas de la academia y actores del Sistema Nacional de Educaci&#xF3;n, con la tarea de generar debate sobre la problem&#xE1;tica de la realidad educativa en nuestro pa&#xED;s.
Para su quinta edici&#xF3;n, el Congreso Internacional del IDEICE 2014 tuvo como lema &#x201C;Profesi&#xF3;n docente: una decisi&#xF3;n social&#x201D;, donde especialistas de renombre internacional aportaron sus conocimientos en el campo te&#xF3;rico, asuntos de pol&#xED;ticas p&#xFA;blicas y as&#xED; poder abordar las realidades del ejercicio de la profesi&#xF3;n docente. En esta ocasi&#xF3;n se expusieron las experiencias que acontecen en pa&#xED;ses latinoamericanos y de otros continentes, como es el caso China popular.</subfield>
  </datafield>
  <datafield tag="650" ind1=" " ind2=" ">
    <subfield code="a">Educaci&#xF3;n -- Sociedad, Modelos Educativos.</subfield>
  </datafield>
  <datafield tag="700" ind1=" " ind2=" ">
    <subfield code="a">Coordinadores : Juli&#xE1;n &#xC1;lvarez ; Lu&#xED;s Camilo Matos de Le&#xF3;n  </subfield>
  </datafield>
  <datafield tag="710" ind1=" " ind2=" ">
    <subfield code="a"> Instituto Dominicano de Evaluaci&#xF3;n e Investigaci&#xF3;n de la Calidad Educativa</subfield>
  </datafield>
  <datafield tag="942" ind1=" " ind2=" ">
    <subfield code="2">ddc</subfield>
    <subfield code="c">REV</subfield>
    <subfield code="n">0</subfield>
  </datafield>
  <datafield tag="999" ind1=" " ind2=" ">
    <subfield code="c">12493</subfield>
    <subfield code="d">12493</subfield>
  </datafield>
  <datafield tag="952" ind1=" " ind2=" ">
    <subfield code="0">0</subfield>
    <subfield code="1">0</subfield>
    <subfield code="2">ddc</subfield>
    <subfield code="4">0</subfield>
    <subfield code="7">0</subfield>
    <subfield code="a">RI</subfield>
    <subfield code="b">RI</subfield>
    <subfield code="d">2025-02-10</subfield>
    <subfield code="l">0</subfield>
    <subfield code="o">IDEICE RD 371.1 C749m 2014</subfield>
    <subfield code="r">2025-02-10 17:58:03</subfield>
    <subfield code="u">https://ideice.gob.do/documentacion/publicaciones-id-p1-33-memoria-5to-congreso-internacional-ideice-2014</subfield>
    <subfield code="w">2025-02-10</subfield>
    <subfield code="y">REV</subfield>
  </datafield>
</record>
